От рудника до граничната бразда (Запис номер 155658)
[ съкратено ]
| 000 -Лидер | |
|---|---|
| Контролно поле с фиксирана дължина | 01329nam a2200325 c 4500 |
| 003 - Код на организацията, давaща контролен номер | |
| Контролно поле | BLK |
| 005 - Дата и час на последна редакция | |
| Контролно поле | 20180422113402.0 |
| 008 - Елементи от данни с фиксирана дължина | |
| fixed length control field | 180410b bul|||||r ||||||| ||bul|| |
| 010 ## - Наследен системен номер | |
| LC control number | KNG00162338000 |
| 040 ## - Източник на каталожния запис | |
| Идентификатор на билиотеката - собственик на записа | BLK |
| 041 ## - Код за език | |
| Код за езика на текст/звукозапис или на отделно заглавие | Български |
| Код за езика КДБФ | Български |
| 080 ## - УДК | |
| Текстов определител УДК | Гранични войски |
| УДК код - определител по УДК | 356.1 |
| УДК определител | (092) |
| УДК - код + определител | 356.1(092) |
| 080 ## - УДК | |
| Текстов определител УДК | Биографии |
| УДК код - определител по УДК | 929 |
| УДК определител | |
| УДК - код + определител | 929 |
| 100 1# - Редна дума - Автор | |
| Автор | Бъзовски, Димитър |
| Авторска отговорност | първи автор |
| R(LIN) | 332901 |
| 139 ## - Редно поле | |
| Редна дума | Бъзовски, Димитър |
| Авторски знак | Бъ - Б 91 |
| 245 10 - Сведения за заглавието | |
| Заглавие | От рудника до граничната бразда |
| Подзаглавни данни | Очерк за героя-граничар Вергил Ваклинов |
| Редно поле (дума) | Димитър Бъзовски; лит. обраб. Николай Павлов. |
| 257 ## - Страна на издаване | |
| Страна на създаване/издаване | България |
| 260 ## - Област на издателските данни | |
| -- | София |
| Име на издателя, разпространителя и проч. | Нар. младеж |
| Година на издаване | 1961 |
| 300 ## - Физическа характеристика | |
| Страници | 144 с. |
| Илюстрации и др. | с портр. |
| Размери/Мащаб | 18 см |
| 380 ## - Жанр | |
| Жанр | Обществени науки |
| 490 1# - СЕРИИ (Колекции) | |
| Име на серия | Поредица Наша комсомолска чест и гордост |
| 500 ## - Общи забележки | |
| Забележка | 4 050 тир. |
| 600 14 - Име на лице, използвано като предмет | |
| За него / За нея | Ваклинов, Вергил |
| 9 (RLIN) | 332955 |
| 700 1# - Други автори (авторска отговорност) | |
| Лично име | Павлов, Николай |
| Автороска отговорност (Описва отношението между автора и произведението) | лит. обраб. |
| 9 (RLIN) | 370715 |
| 852 ## - Местоположение | |
| Форматна сигнатура | Цб І 4669 |
| 856 4# - Електронен адрес и достъп | |
| Електронен формат | pdf - файл |
| Път до файла /url/ | |
| 856 4# - Електронен адрес и достъп | |
| Електронен формат | pdf - файл |
| Път до файла /url/ | |
| 942 ## - АРТИКУЛИ | |
| Вид на библиотечния материал | Книги |
| Скрит в OPAC | Не |
| 944 ## - СЪЗДАВАНЕ И РЕДАКЦИЯ на ЗАПИСА | |
| Създаване/Редакция | Създаване |
| Дата на регистрацията/редакция | 19.06.2014 |
| Статус, дата на статуса | 19.06.2014 - от С1,Р / 19.06.2014 |
| Служител, извършил регистрацията/редакцията | Правда_Бадева |
| 944 ## - СЪЗДАВАНЕ И РЕДАКЦИЯ на ЗАПИСА | |
| Създаване/Редакция | Редакция |
| Дата на регистрацията/редакция | 19.06.2014 |
| Статус, дата на статуса | 19.06.2014 - от С1,Р / 19.06.2014 |
| Служител, извършил регистрацията/редакцията | |
| 999 ## - СИСТЕМНИ КОНТРОЛНИ НОМЕРА | |
| Koha biblionumber | 155658 |
| Koha biblioitemnumber | 155658 |
| Код за отписване | Код за изгубен артикул | Източник на класификационната схема | Код за повреда | Коз за рестрикции | Код за отдаване | Артикулен № | Име на библиотеката - собственик | Име на библиотеката, в която се намира в момента | Статус (Текущо местоположение) | Дата на вписване в системата | Местоположение - отдел | Цена в лева | Инвентарен номер | Систематично азбучна сигнатура | Баркод | Номер на екземпляра | Цена в евро | Служебна бележка | Служебен тип на артикула |
|---|---|---|---|---|---|---|---|---|---|---|---|---|---|---|---|---|---|---|---|
| Не е изгубен | Universal Decimal Classification | Не е повреден | само за читалня | ползва се в читалня | 261073 | Регионална библиотека "Любен Каравелов" Русе | Регионална библиотека "Любен Каравелов" Русе | Хранилище | 1961-01-01 | Хранилище | 0.16 | 3748/62 | Цб І 4669 | 900000027104 | 1 | 0.08 | N: стар фонд Дата: 01.01.1961 | Книги | |
| Изтеглен | Не е изгубен | Universal Decimal Classification | Не е повреден | без рестрикции | заемане за дома | 261074 | Регионална библиотека "Любен Каравелов" Русе | Регионална библиотека "Любен Каравелов" Русе | Заемна - подръчен фонд | 1961-01-01 | Заемна - подръчен фонд | 0.00 | 1216/62 | П 355/359/Б 91 | 1216/62 | 2 | 0.00 | N: стар фонд Дата: 01.01.1961 | Книги |
| Изтеглен | Не е изгубен | Universal Decimal Classification | Не е повреден | без рестрикции | заемане за дома | 261075 | Регионална библиотека "Любен Каравелов" Русе | Регионална библиотека "Любен Каравелов" Русе | Заемна - подръчен фонд | 1961-01-01 | Заемна - подръчен фонд | 0.00 | 1218/62 | П 355/359/Б 91 | 1218/62 | 3 | 0.00 | N: стар фонд Дата: 01.01.1961 | Книги |
| Изтеглен | Не е изгубен | Universal Decimal Classification | Не е повреден | без рестрикции | заемане за дома | 261076 | Регионална библиотека "Любен Каравелов" Русе | Регионална библиотека "Любен Каравелов" Русе | Заемна - подръчен фонд | 1961-01-01 | Заемна - подръчен фонд | 0.00 | 1219/62 | П 355/359/Б 91 | 1219/62 | 4 | 0.00 | N: стар фонд Дата: 01.01.1961 | Книги |
| Изтеглен | Не е изгубен | Universal Decimal Classification | Не е повреден | без рестрикции | заемане за дома | 261077 | Регионална библиотека "Любен Каравелов" Русе | Регионална библиотека "Любен Каравелов" Русе | Заемна - подръчен фонд | 1961-01-01 | Заемна - подръчен фонд | 0.00 | 1220/62 | П 355/359/Б 91 | 1220/62 | 5 | 0.00 | N: стар фонд Дата: 01.01.1961 | Книги |